Czyj to film? (PL YT) - Statystyki

Ogólne statystyki
  • Ten quiz został rozwiązany 96 razy
  • Średni wynik to 5 z 12
Statystyki odpowiedzi
Tytuł Twórca % Poprawnych
MIĘDZYNARODOWY TEST PIZZY Mniej Więcej
66%
ZNIKAJĄCE DZIECI. NASTOLETNIA DEPRESJA Reżyser Życia
66%
NOWE EGZOTYCZNE ZWIERZE W DOMU EKIPY! Tromba
64%
ROJO MNIE ZDRADZIŁ... izak LIVE
56%
najlepsze memy z fame mma 6 tomasz gimper działowy
51%
ODWZOROWUJE ZDJECIA EKIPY! WERSOW
49%
SPĘDZIŁEM 24H W SAMOCHODZIE Poczciwy Krzychu
44%
NAJGORSI KELNERZY WiP Bros.
31%
Co się kryje po Arktyką? Kolega Ignacy
23%
KULTURYŚCI ROBIĄ TEST IQ EKIPA WK
20%
Sarius - Dziecko Wojny (prod. Gibbs) ANTIHYPE
18%
Polskie akcenty w serii GTA TVGRYpl
13%
Nie znaleziono quizów pasujących do podanych kryteriów
Rozkład punktacji
Procent ludzi z każdym wynikiem
Percentyl według liczby udzielonych odpowiedzi
Twoja historia wyników
Nie rozwiązałeś tego quizu